000 00311nam a2200133 a 4500
008 140131s2006|||| d
100 1 _aFoster, Charles Dr.
245 1 0 _aPravda bez strachu
260 _bEastone Books
_aBratislava
_c2006
020 _c2,99
041 _aslo
044 _axo
_cSK
958 _aAPR
999 _c20352
_d20352